| 000 | 00593nam a22002177a 4500 | ||
|---|---|---|---|
| 003 | OSt | ||
| 005 | 20140310181920.0 | ||
| 008 | 130718t xxu||||| |||| 00| 0 eng d | ||
| 020 | _a1576854256 | ||
| 050 |
_aQA 459 _b.M37 2002 |
||
| 082 |
_aTR 516.007 _bF58 2002 |
||
| 245 | _a501 Geometry Questions. | ||
| 260 |
_aNew York : _bLearning Express, _cc2002. |
||
| 300 |
_ax, 273 p. ; _c25 cm. |
||
| 521 | _aFaculty | ||
| 541 | _j1 | ||
| 562 | _e1 | ||
| 650 | _2 Geometry--Problems, exercises, etc | ||
| 650 | _2Five hundred one Geometry Question. | ||
| 942 |
_2lcc _cBK-TR _kTR |
||
| 999 |
_c6948 _d6948 |
||